| 000 | 00662nam a2200217 4500 | ||
|---|---|---|---|
| 001 | 136792 | ||
| 003 | ES-MaACL | ||
| 005 | 20230906195228.0 | ||
| 007 | t| | ||
| 008 | 070214s1949 fr r ||||1| fre d | ||
| 100 | 1 |
_aSagnac, Philippe. _9101441 |
|
| 245 | 1 | 0 |
_aLouis XIV _b: (1661-1715) / _cPhilippe Sagnac, A. de Saint-Leger. |
| 250 | _a3ยช. ed. rev. et aug. | ||
| 260 |
_aParis : _bPresses Universitaires de France, _c1949. |
||
| 300 |
_a702 p. ; _c23 cm. |
||
| 490 | 1 | _aPeuples et civilisations | |
| 700 | 1 |
_aSaint-Leger, A. de. _9101534 |
|
| 830 | 0 |
_aPeuples et civilisations _9183588 |
|
| 852 |
_aES-MaACL _jC-32704 _bR.63483 |
||
| 999 |
_c136792 _d136792 |
||